| 000 | 00448nam a2200193Ia 4500 | ||
|---|---|---|---|
| 003 | 0100 | ||
| 008 | 130227s9999 xx 000 0 und d | ||
| 040 | _cARRUPELIB | ||
| 050 | _aBD417.R67 2008 | ||
| 100 | _aRoss, James | ||
| 245 | _aThought and world | ||
| 260 | _aNotre Dame, Indiana | ||
| 260 | _bUniversity of Notre Dame Press | ||
| 260 | _C2008 | ||
| 300 | _axi | ||
| 300 | _b 235p. 24cm. | ||
| 650 | _bMeditations | ||
| 942 |
_2lcc _01 |
||
| 999 |
_c3087 _d3087 |
||